[Event "Ille et Vilaine-ch 1112"]
[White "Brault, David"]
[Black "Marchais, Paul"]
[Site "Ile et Vilaine"]
[Round "2.20"]
[Result "1-0"]
[Date "2011.11.05"]
[WhiteElo "1519"]
[BlackElo "1220"]
[PlyCount "75"]
[EventDate "2012.10.??"]
[EventType "swiss"]
[EventRounds "7"]
[EventCountry "FRA"]
[SourceTitle "EXT 2014"]
[Source "ChessBase"]
[SourceDate "2013.11.20"]
[SourceVersion "1"]
[SourceVersionDate "2013.11.20"]
[SourceQuality "1"]

1. d4 Nf6 2. Nf3 d6 3. e3 Bg4 4. c4 Nc6 5. Nbd2 e6 6. a3 d5 7. Bd3 e5 8. dxe5 Nxe5 9. Qa4+ Qd7 10. Qxd7+ Nexd7 11. b4 Bd6 12. Bb2 0-0 13. c5 Be7 14. 0-0 a5 15. Rfe1 axb4 16. axb4 Rxa1 17. Bxa1 Bxf3 18. Nxf3 Ne4 19. Bb2 Bf6 20. Bxf6 Ndxf6 21. Ra1 c6 22. h3 h5 23. Ne5 Re8 24. Nf3 b5 25. Nd4 Rc8 26. Ra6 Nc3 27. Nxc6 Kf8 28. Nd4 Rb8 29. Rb6 Rxb6 30. cxb6 Nd7 31. b7 Ke8 32. Nxb5 Nxb5 33. Bxb5 Kd8 34. Bxd7 Kc7 35. Bc6 Kb8 36. Bxd5 f6 37. f4 h4 38. Kf2 1-0